| 000 | 01703nam a2200457 i 4500 | ||
|---|---|---|---|
| 001 | 44539 | ||
| 003 | KOSZ 005 | ||
| 005 | 20221215144400.0 | ||
| 008 | 031007s2003 pl f f |001 0 pol | ||
| 015 | _aPB 2005/18353 | ||
| 020 | _a8385428828 | ||
| 040 |
_aWA N _cWA N _dKOSZ 005/HR |
||
| 041 | 1 |
_apol _heng |
|
| 046 | _k2003 | ||
| 080 | _a658.1/.5 | ||
| 080 | _a004.65 | ||
| 080 | _a(075.8) | ||
| 100 | 1 |
_aChampy, James _d(1942- ) _eAutor |
|
| 245 | 1 | 0 |
_aX-engineering przedsiębiorstwa : _bprzemyśl swój biznes w erze cyfrowej / _cJames Champy ; z przedmową Ireneusza Durlika ; [przekł. Grzegorz Dąbkowski]. |
| 246 | 1 |
_iTyt. oryg.: _aX-engineering the corporation : _breinventing your business in the digital age, _f2002. |
|
| 260 |
_aWarszawa : _bPlacet, _c2003. |
||
| 300 |
_a269, [11] s. ; _c24 cm. |
||
| 336 |
_2rdacontent _aTekst _btxt |
||
| 337 |
_2rdamedia _aBez urządzenia pośredniczącego _bn |
||
| 338 |
_2rdacarrier _aWolumin _bnc |
||
| 380 | _aKsiążki | ||
| 388 | _a2001- | ||
| 490 | 1 | _aBiblioteka Biznesmena. | |
| 500 | _aNa okł.: Procesy, propozycja, partycypacja, partnerstwo. | ||
| 504 | _aIndeks. | ||
| 650 | 4 | _aSystemy informatyczne zarządzania | |
| 655 | 4 | _aPodręczniki akademickie | |
| 658 | _aInformatyka i technologie informacyjne | ||
| 658 | _aZarządzanie i marketing | ||
| 700 | 1 |
_aDąbkowski, Grzegorz _c(tłumacz) _eTłumaczenie |
|
| 700 | 1 |
_aDurlik, Ireneusz _d(1931- ) _ePrzedmowa |
|
| 710 | 2 |
_aWydawnictwo Placet _4pbl |
|
| 830 | 0 | _aBiblioteka Biznesmena | |
| 856 |
_uhttp://koha.tu.koszalin.pl/cgi-bin/koha/opac-detail.pl?biblionumber=44539 _yKatalog online BPK |
||
| 942 |
_2UKD _cKS |
||
| 999 |
_c44539 _d44539 |
||